Most Visited Tourist Attractions in the USA - Statistics

General Stats
  • This quiz has been taken 1,569 times
  • The average score is 10 of 20
Answer Stats
Picture Hint Answer % Correct
San Francisco Bay Golden Gate Bridge
94%
San Francisco {Golden} {Gate} Park
94%
New York City Central Park
93%
New York City Times Square
92%
Las Vegas Las Vegas Strip
81%
Orlando Magic {Kingdom}
78%
Orlando Disney's
{Animal} Kingdom
77%
Anaheim {Disneyland} Resort
72%
Orlando Epcot
66%
New York City Grand Central Terminal
62%
North Carolina & Tennesee {Great} {Smoky} {Mountains} National Park
38%
Washington DC {Union} Station
36%
Seattle {Pike} Place Market
34%
Orlando Disney's
{Hollywood} Studios
28%
San Francisco Pier 39,
Fisherman's Wharf
28%
Chicago {Navy} Pier
26%
Boston {Faneuil} Hall Marketplace
16%
San Diego {Balboa} Park
14%
St Ignace & Mackinaw City, Michigan Mackinac Bridge
14%
New York City {South} {Street} Seaport
8%
No matching quizzes found
Score Distribution
Percent of People with Each Score
Percentile by Number Answered
Your Score History
You have not taken this quiz